[Event "The Asheboro Open XX"]
[Site "?"]
[Date "2007.01.13"]
[Round "2"]
[White "Jodrey, Joshua"]
[Black "Holmes, Adam"]
[Result "1/2-1/2"]
[WhiteElo "1897"]
[BlackElo "1960"]
[Annotator "Fritz 9 (30s)"]
[PlyCount "105"]
[SourceDate "2006.11.11"]

{B13: Caro-Kann: Exchange Variation and Panov-Botvinnik Attack} 1. e4 c6 2. d4
d5 3. exd5 cxd5 4. c4 Nf6 5. Nc3 Nc6 6. Nf3 Bg4 7. cxd5 Nxd5 8. Be3 e6 9. Be2
Be7 $146 (9... Bb4 10. Rc1 (10. Qd3 Qa5 11. Bd2 Bf5 12. Qb5 O-O 13. Qxa5 Bxa5
14. O-O Rfd8 15. Bb5 Rac8 16. Rac1 Ndb4 17. Be3 Bb6 18. Rfd1 Bg4 19. a3 Nd5 20.
Be2 Nxe3 21. fxe3 e5 22. Na4 e4 23. Nxb6 axb6 24. d5 Ne7 {
Gutierrez,A-Moreda,L/Bratislava 1993/TD/1-0 (33)}) 10... Qa5 (10... O-O 11. O-O
Nxe3 12. fxe3 Rc8 13. Qe1 Bd6 14. Ne4 Bb8 15. Bd3 Bxf3 16. Rxf3 Ne5 17. dxe5
Rxc1 18. Qxc1 Qxd3 19. Nc5 Qd5 20. e4 Qxe5 21. Qe3 Bd6 22. Nd3 Qxh2+ 23. Kf1
Qh1+ 24. Kf2 Rc8 25. e5 {Estevez Jacome,J-Rodriguez,J/Oviedo 1991/EXT 97/0-1})
11. Qb3 O-O 12. O-O Nce7 13. Rfd1 Rac8 14. Nxd5 Nxd5 15. a3 Be7 16. h3 Bh5 17.
Qd3 Bg6 18. Qd2 Qb6 19. Ne5 Rfd8 20. Bc4 Nxe3 21. fxe3 Bh5 22. Rf1 Bf6 23. Nd3
Bxd4 24. Rfe1 {Kilicbay,M-Yilmaz,B/Urgup 2004/EXT 2005/0-1 (66)}) (9... Bd6 10.
O-O Bxf3 11. Bxf3 Qh4 12. h3 Nxe3 13. fxe3 O-O 14. Ne4 Bc7 15. a3 Rad8 16. Qe1
Qe7 17. Rd1 Rc8 18. b4 f5 19. Nc5 Qd6 20. Qh4 Rf6 21. Nxb7 Qh2+ 22. Kf2 Rg6 23.
Ke2 Bg3 24. Qh5 {Hansen,C (2305)-Hansen,L/Randers 1990/EXT 2000/1-0 (48)}) 10.
h3 {White threatens to win material: h3xg4} (10. O-O O-O $11) 10... Bh5 11. O-O
O-O 12. Qb3 Nxc3 (12... Na5 13. Qa4 $15) 13. bxc3 $11 {
White has new hanging pawns: c3+d4} Na5 14. Qb5 Bxf3 15. Bxf3 ({Not} 15. gxf3
Rc8 $15) 15... Rc8 16. Rac1 (16. Bxb7 $2 {doesn't work} Rb8 $19) 16... a6 17.
Qh5 Qc7 18. Be4 g6 {Controls f5} (18... f5 19. Bd3 $11) 19. Qf3 $14 f5 {
Black threatens to win material: f5xe4} 20. Bc2 (20. Bd3 b5 $14) 20... Nc4 {
The knight likes it on c4} (20... f4 $5 {is worth consideration} 21. Bd2 Nc4
$11) 21. Bf4 Bd6 22. Bxd6 Qxd6 23. Rfe1 b5 {White has a new backward pawn: c3}
24. Bb3 Kg7 25. Qe2 {White threatens to win material: Qe2xe6} Rfe8 26. Bxc4 (
26. Rcd1 Qb8 $14) 26... Rxc4 $11 {Here comes the goal-getter} 27. Qe5+ (27. Qe3
$5 $11) 27... Qxe5 $15 28. Rxe5 {A double rook endgame occured} b4 {
Black threatens to win material: b4xc3} (28... Kf7 29. Rce1 $15) 29. Rc5 $11
Rc8 30. Rxc8 Rxc8 31. c4 {White has a new passed pawn: c4} Kf6 32. f4 Ke7 (
32... Rd8 33. Rd1 $11) 33. Kf2 $14 Kd6 (33... a5 34. Ke3 $14) 34. Ke3 Kc6 35.
Kd3 Kb6 (35... Rg8 36. Re1 Kd7 37. h4 $16) 36. Re1 Rc6 37. Re2 a5 38. Rb2 Kc7
39. c5 Ra6 40. Kc4 Ra8 41. Kb5 Kd7 $2 (41... Rd8 42. Rd2 (42. Kxa5 $6 Rxd4 43.
Rxb4 Rd2 $11) 42... Rb8+ 43. Kc4 $16) 42. Rb3 (42. Kb6 $5 Rd8 43. c6+ Kc8 $18)
42... Rb8+ 43. Kc4 (43. Kxa5 Ra8+ 44. Kb6 Rxa2 $16) 43... Kc6 44. a3 (44. Re3
$142 Kd7 45. h4 $16) 44... bxa3 $11 45. Rxa3 {Black has a new passed pawn: a5.}
(45. Rxb8 $4 {avaricious play} a2 46. Rb6+ Kd7 $19) 45... Rb4+ 46. Kc3 Kd5 47.
Rxa5 Rc4+ 48. Kd3 Rxd4+ {Black forks: d3+f4.} 49. Ke3 Re4+ 50. Kf3 Rc4 {
Exerts pressure on the isolated pawn. Black threatens to win material: Rc4xc5}
51. Ra7 {White threatens to win material: Ra7xh7} Rc3+ 52. Kf2 Rxc5 53. Rxh7
1/2-1/2

[Event "The Asheboro Open XX"]
[Site "?"]
[Date "2007.01.13"]
[Round "1"]
[White "Malugu, Satyajit"]
[Black "Graves, Dr. Joseph"]
[Result "1/2-1/2"]
[WhiteElo "2313"]
[BlackElo "1845"]
[Annotator "Fritz 9 (30s)"]
[PlyCount "49"]
[SourceDate "2006.11.11"]

{B21: Sicilian: 2 f4 and Morra Gambit} 1. e4 c5 2. d4 cxd4 3. c3 dxc3 4. Nxc3
d6 5. Bc4 Nc6 6. Nf3 e6 7. O-O a6 8. Qe2 Be7 9. Rd1 g5 $146 (9... Bd7 10. h3 (
10. Be3 b5 11. Bb3 Nf6 12. Rac1 O-O 13. h3 Qb8 14. g4 b4 15. Na4 Qb7 16. Nb6
Rad8 17. Bc2 Nb8 18. Nd2 Bc6 19. f3 Nbd7 20. Nbc4 Bb5 21. g5 Nh5 22. f4 g6 23.
Qg4 d5 24. exd5 exd5 {Novotny,J-Langner,L (2380)/CSR 1991/EXT 2002/1/2-1/2 (35)
}) (10. Bf4 e5 11. Be3 Nf6 12. h3 O-O 13. Rac1 Rc8 14. Bd5 b5 15. a3 Na5 16.
Nd2 Be6 17. b4 Nc6 18. Nb3 Qd7 19. Rc2 Bd8 20. Qd3 Ne7 21. Bxe6 Qxe6 22. Nd2
Rc6 23. Rdc1 Bb6 24. Bxb6 Rxb6 {
Parma,B-Eliskases,E/Mar del Plata 1962/MCD/1/2-1/2 (50)}) 10... Qc7 (10... Rc8
11. a3 Qc7 12. Ba2 Nf6 13. Bf4 Ne5 14. Rac1 Qb8 15. Nxe5 dxe5 16. Bg5 Bc6 17.
Rd3 O-O 18. Rg3 Kh8 19. Rf1 b5 20. f4 a5 21. fxe5 Qxe5 22. Bf4 Qh5 23. Qe1 Nd7
24. Rd3 b4 {0-1 Garcia,R-Quinones,O/Fortaleza 1963/EXT 2000}) 11. Bf4 Rd8 12.
Rac1 Qb8 13. e5 d5 14. Bd3 g6 15. h4 h5 16. Qd2 Qa7 17. a3 Kf8 18. Bg5 Kg7 19.
Qf4 Rf8 20. Bxe7 Ncxe7 21. Ne2 Qb8 22. Ned4 Qd8 23. Ng5 Rh6 24. Rc3 {
Gutierrez,J-Salas Romo,J/Santiago 1957/MCL/1-0 (32)}) (9... Qc7 10. Bf4 $11)
10. Be3 {Black has a cramped position} (10. e5 d5 $14) 10... h5 {
Black is behind in development.} (10... g4 $5 {should be considered} 11. Nd4
Ne5 $14) 11. e5 $16 d5 12. Bxd5 exd5 13. Nxd5 Be6 (13... Bg4 $5 $16) 14. Nf6+
$18 {Clearance to allow d1-d8} Bxf6 (14... Nxf6 15. Rxd8+ {Theme: Double Attack
}) 15. Rxd8+ {A double attack} Bxd8 16. Bxg5 Bg4 17. Be3 (17. Qd3 Be7 $16)
17... Nge7 18. h3 Bxf3 (18... Be6 19. Bg5 $14) 19. Qxf3 Bc7 20. e6 (20. Re1 $5
Bxe5 21. Bc5 $16) 20... fxe6 $14 21. Qe4 (21. Rd1 Rd8 $11) 21... e5 (21...
O-O-O 22. Qxe6+ Kb8 23. Re1 $11) 22. b4 Rd8 (22... O-O 23. Rb1 $14) 23. a4 $16
Rd5 24. Rc1 (24. Qc4 Bd6 25. b5 Nb4 $16) 24... Bd6 $14 25. Rc4 (25. Rb1 $5 $14
{should be investigated more closely}) 1/2-1/2

[Event "The Asheboro Open XX"]
[Site "?"]
[Date "2007.01.13"]
[Round "?"]
[White "Mattison, Henry"]
[Black "Taylor, Joshua"]
[Result "1-0"]
[WhiteElo "2014"]
[BlackElo "1731"]
[Annotator "Fritz 9 (30s)"]
[PlyCount "81"]
[SourceDate "2006.11.11"]

{B73: Sicilian Dragon: Classical System without 9 Nb3} 1. e4 c5 2. Nf3 d6 3. d4
cxd4 4. Nxd4 Nf6 5. Nc3 Nc6 6. Be2 g6 7. O-O Bg7 8. Be3 O-O 9. Nxc6 bxc6 10. f4
a5 $146 (10... Qa5 11. Bf3 (11. a3 Rb8 12. b4 Qc7 13. Qd2 a5 14. Rab1 axb4 15.
axb4 Ra8 16. Bf3 Ra3 17. b5 Qa5 18. Ne2 Qxd2 19. Bxd2 cxb5 20. Nc3 Be6 21. Nxb5
Ra2 22. Rfc1 Rc8 23. Nc3 Ra3 24. Nd1 Ra4 25. Rb4 Rxb4 {
Sturma,M (2095)-Rossi,C (2361)/Arco 1999/EXT 2000/0-1 (33)}) 11... Rb8 (11...
Ba6 12. Re1 Rab8 13. Rb1 Bc4 14. e5 dxe5 15. fxe5 Rfd8 16. Qc1 Nd5 17. Nxd5
Bxd5 18. b4 Rxb4 19. Rxb4 Qxb4 20. Bxa7 Ra8 21. c3 Qa5 22. Bd4 Bxf3 23. gxf3
Qd5 24. Qe3 Rxa2 25. Qe4 Qxe4 26. Rxe4 {
Randisi,A-Delmont,J (2056)/Guingamp 1999/EXT 2002/0-1 (62)}) 12. Rb1 Be6 13. a3
Rfd8 14. Qe2 Nd7 15. Bd2 Qc7 16. Kh1 Nb6 17. b3 a5 18. g4 d5 19. e5 Qa7 20. Qg2
Bc8 21. Ne2 a4 22. Nd4 Qd7 23. Rbe1 e6 24. Bb4 Ba6 25. Rg1 {
Kalla,C-Schugal,M/Bergneustadt 2001/EXT 2002/0-1 (46)}) (10... Nd7 11. Qd2 Nb6
12. Rad1 Be6 13. b3 f5 14. Bf3 Qc7 15. Ne2 fxe4 16. Bxe4 d5 17. Bf3 c5 18. Bf2
Rac8 19. Rfe1 Bf7 20. Bg3 Qd7 21. Nc1 d4 22. Nd3 Bd5 23. Bxd5+ Nxd5 24. Ne5 Qf5
25. Nc4 {Marchenko,A-Sysoenko,A (2188)/Alushta 2004/EXT 2005/0-1 (38)}) (10...
Bb7 11. Bf3 Qc7 12. Qe2 c5 13. Rab1 Rfd8 14. Qf2 Nd7 15. Qh4 Bf6 16. Qg3 Nb6
17. f5 Nc4 18. Bf4 Rab8 19. fxg6 fxg6 20. Bg4 Ba6 21. Be6+ Kg7 22. Nd5 Qa5 23.
Nxf6 exf6 24. Bh6+ Kxh6 25. Qh4+ {Lingelmann,A-Krege,S/Kassel 1998/EXT 99/1-0})
11. Bf3 Qc7 12. g4 (12. Rb1 $5 $11) 12... Rb8 {
Black threatens to win material: Rb8xb2} 13. g5 {
White threatens to win material: g5xf6} Nd7 {Black has a cramped position} 14.
Rb1 Ba6 {Black threatens to win material: Ba6xf1} 15. Rf2 Nb6 (15... Kh8 16.
Qd2 $15) 16. Bd4 $11 e5 17. fxe5 dxe5 18. Bc5 {
White threatens to win material: Bc5xf8. The bishop likes it on c5} Rfd8 {
Black threatens to win material: Rd8xd1} 19. Qe1 Nc4 (19... h6 20. Qc1 Nd7 21.
Be7 $11) 20. b3 {White threatens to win material: b3xc4} (20. Be2 Qc8 $16)
20... Nd6 21. Bg4 (21. Qe3 Nb5 $16) 21... Nb5 22. Nxb5 (22. Qe3 Nxc3 23. Qxc3
h6 $16) 22... cxb5 $11 23. Qe3 Bc8 24. Bxc8 Rdxc8 (24... Rbxc8 $2 25. Bb6 Qc6
26. Bxd8 Rxd8 27. Qf3 $18) ({Worse is} 24... Qxc8 25. Rbf1 Rd7 26. c3 $14) 25.
b4 (25. Rd1 b4 $14) 25... a4 {Black gains space} (25... axb4 $5 {
deserves consideration} 26. Bxb4 Qd7 $11) 26. Rbf1 Rb7 $2 (26... Bf8 27. Rxf7
Bxc5 28. bxc5 Qxc5 29. Rf8+ Qxf8 30. Rxf8+ Kxf8 31. Qa3+ Kg8 $16) 27. h4 $4 {
allows the opponent back into the game} (27. Rxf7 $142 {
and White could have gained the advantage} Qc6 28. Rxb7 Qxb7 29. Qd3 $18) 27...
Qc6 $11 28. Qf3 Qe6 {Black threatens to win material: Qe6xa2} (28... Rd7 $142
$11) 29. Rh2 {White prepares the advance h5} (29. h5 $142 $14 {
and White could well hope to play on}) 29... Qxa2 $17 30. h5 Qe6 31. Qg3 (31.
Rhf2 gxh5 32. Qxh5 Rd8 $17) 31... Bf8 32. hxg6 (32. Bxf8 Rxf8 (32... Kxf8 $6
33. hxg6 Qxg6 34. Qxe5 $11) 33. c3 Rd7 $19) 32... fxg6 (32... Bxc5+ 33. bxc5
fxg6 34. Rf6 $19) 33. Rf6 (33. Bxf8 Rxf8 34. Rxf8+ Kxf8 $19) 33... Bxc5+ $19
34. bxc5 Qe7 35. c6 Qc5+ 36. Rhf2 Rbc7 (36... Ra7 37. Kh1 $17) 37. Qh3 Qe7 (
37... Re8 38. c3 $17) 38. Kh2 (38. Kh1 $142 Re8 39. Qc3 $15) 38... a3 (38...
Rxc6 $142 39. Rf7 {Theme: Double Attack} Qxf7 40. Rxf7 Kxf7 (40... Rxc2+ $6 41.
Kg1 Kxf7 42. Qd7+ Kg8 43. Qe6+ Kf8 44. Qd6+ Ke8 45. Qe6+ Kd8 46. Qd6+ Ke8 47.
Qe6+ Kf8 48. Qd6+ Kg7 49. Qf6+ Kg8 50. Qe6+ Kh8 51. Qf6+ Kg8 52. Qe6+ $11) 41.
Qxh7+ Ke8 $17) 39. Rf7 $14 {A double attack} Qxf7 40. Rxf7 {
White has a mate threat} Rxf7 $4 (40... Kxf7 41. Qxh7+ Kf8 42. Qh8+ Kf7 43.
Qf6+ Kg8 44. Qxg6+ Kf8 45. Qf6+ Kg8 46. Qe6+ Kf8 47. Qd6+ Kf7 48. Qxa3 Rxc6 49.
Qf3+ Kg6 50. Qf5+ Kh5 51. g6+ Kh6 52. Qh3+ Kxg6 53. Qf5+ Kh6 54. Qxe5 Rxc2+ 55.
Kg3 R2c3+ 56. Kg4 Rg8+ 57. Kh4 Rc4 $11) 41. Qxc8+ $18 (41. Qxc8+ Kg7 42. c7 $18
) 1-0

[Event "The Asheboro Open XX"]
[Site "?"]
[Date "2007.01.13"]
[Round "3"]
[White "Parrish, Jacob"]
[Black "Simpson, Ron"]
[Result "0-1"]
[WhiteElo "1874"]
[BlackElo "2320"]
[Annotator "FM Ron Simpson, Fritz 9 (30s)"]
[PlyCount "52"]
[SourceDate "2006.11.11"]

{E12: Queen's Indian: Unusual White 4th moves, 4 a3, 4 Nc3 Bb7 5 a3 and 4 Nc3
Bb7} 1. Nf3 Nf6 2. c4 b6 3. d4 e6 4. a3 Bb7 {Simpson:  This game developed
along normal Queens Indian lines. I believe 4....Bb7 is normal but maybe I
should have played d5 or Ba6, pressuring the c-pawn.} 5. Nc3 d5 6. cxd5 Nxd5 7.
e3 {Simpson:  I believe white should play 7.Qc2 with the idea of a timely e4.}
Be7 {Simpson:  I was thinking about 7....Nxc3   8.bxc3  c5 and  I believe
black is fine. But I didn't feel any danger by keeping my knight on d5.} 8.
Bb5+ c6 9. Bd3 O-O 10. O-O c5 11. e4 (11. Nxd5 exd5 12. b3 Nd7 13. Bb2 Bf6 14.
Ne5 g6 15. f4 Bg7 16. a4 Nxe5 17. fxe5 f6 18. dxc5 fxe5 19. Rxf8+ Qxf8 20. cxb6
axb6 21. Qd2 Qe7 22. Rf1 {
1/2-1/2 Ivanchuk,V (2735)-Hjartarson,J (2550)/Reykjavik 1991/CBM 026}) (11. Qe2
Nd7 12. Rd1 Nxc3 13. bxc3 Qc7 14. a4 Rac8 15. Bb2 Rfe8 16. c4 Bf6 17. a5 h6 18.
axb6 axb6 19. Nd2 Red8 20. Rac1 cxd4 21. exd4 Nf8 22. Qg4 g6 23. Ne4 Bg7 24.
Qh4 g5 25. Qh3 Ng6 {Roos,D (2411)-Lutz,C (2597)/Belfort 2004/EXT 2005/0-1 (53)}
) 11... cxd4 12. Nb5 $146 {White threatens to win material: Nb5xd4} (12. Nxd5
exd5 13. e5 Nd7 14. Re1 Nc5 15. Nxd4 Ne6 16. Nxe6 fxe6 17. Qh5 Rf5 18. Bxf5
exf5 19. Be3 g6 20. Qf3 Qc8 21. Bd4 Qe6 22. Rac1 Ba6 23. Qe3 Bb5 24. Rc3 Bd7
25. Rec1 Bd8 26. Qh6 a5 {
Ayupov,D (2347)-Borsuk,K/St Petersburg 2002/CBM 086 ext/1-0 (31)}) (12. Nxd5
exd5 13. e5 Nc6 $16) 12... Nf6 {Black threatens to win material: Nf6xe4} 13. e5
{White threatens to win material: e5xf6} Nd5 14. Nbxd4 Nc6 {Simpson:  I
blundered with 14....Nc6 ?  Jacob could have simply won my h-pawn.  However he
elected to play 16. Qe2.  with the idea of trying to setup a mate with the
Queen and Bishop along the b1-h7 diagonal.  (Editor's note see Fritz variation
9:2 below).} (14... Nd7 $5 $11 {must be considered}) 15. Nxc6 $16 ({Fritz 9: 1)
} 15. Nxc6 Bxc6 16. Nd4 Bb7 17. Qg4 f5 18. Qf3 Qd7 19. Bb5 Qc8 20. Qg3 Rf7 21.
Bg5 f4 22. Qh4 Qc7 {[%eval 87,0]}) ({Fritz 9: 2)} 15. Bxh7+ Kxh7 16. Nxc6 Bxc6
17. Qc2+ Kg8 18. Qxc6 Rc8 19. Qa4 Qc7 20. Qg4 Qc4 21. Qh5 Qb5 22. Re1 Rfd8 {
[%eval 84,10]}) 15... Bxc6 16. Qe2 (16. Nd4 $5 Bd7 17. Qf3 $16) 16... Qd7 17.
Rd1 Ba4 {Black threatens to win material: Ba4xd1} 18. Qe4 $4 {
With 18. Qe4  the game is lost for him. . weakening the position} (18. Re1 $142
$14 {is the best option White has}) 18... f5 $1 $17 {Theme: Clearance for f8-f5
} 19. Qe2 Bxd1 20. Qxd1 Rfd8 21. Qb3 Nc7 22. Bc2 Qd5 23. Bg5 $2 (23. Bd2 $142
$17) 23... Bxg5 $19 24. Qxd5 Rxd5 (24... exd5 $6 25. Nxg5 g6 26. Rd1 $19) (
24... Nxd5 $6 25. Nxg5 Nf4 26. Bb3 $19) 25. Nxg5 Rxe5 26. Re1 $4 (26. b4 $19)
26... Rxe1# {Simpson:  The game ended with a speed chess type move! Jacob
played 26.Re1?  At first I thought he made a mistake and his hand slipped. But
judging from his body language and facial expression I realized this was
intentional.} 0-1

[Event "The Asheboro Open XX"]
[Site "?"]
[Date "2007.01.13"]
[Round "2"]
[White "Simpson, Ron"]
[Black "Callis, Tracy"]
[Result "1-0"]
[WhiteElo "2320"]
[BlackElo "1893"]
[Annotator "Fritz 9 (30s)"]
[PlyCount "57"]
[SourceDate "2006.11.11"]

{E67: King's Indian: Fianchetto: 6...Nbd7} 1. Nf3 Nf6 2. c4 g6 3. g3 Bg7 4. Bg2
O-O 5. O-O d6 6. Nc3 c6 7. d4 Nbd7 8. b3 Re8 9. Qc2 (9. h3 e5 10. Be3 Qe7 11.
Rc1 exd4 12. Bxd4 Bh6 13. e3 a5 14. g4 Bf8 15. Na4 h5 16. gxh5 Nxh5 17. Ba1 Rb8
18. Nd4 Bg7 19. Nf5 gxf5 20. Qxh5 Bxa1 21. Rxa1 Ne5 22. Rad1 Ng6 23. Qh6 Be6 {
Sibilio,M (2370)-Cazzaniga,W (2125)/Porto San Giorgio 2001/EXT 2002/1-0 (64)})
9... e5 (9... Qc7 10. Rd1 b5 11. Nd2 Rb8 12. Bb2 Nb6 13. c5 dxc5 14. dxc5 Nbd7
15. b4 a5 16. a3 a4 17. h3 Nf8 18. e3 Bf5 19. e4 Be6 20. Ne2 Rbd8 21. Nd4 Bc8
22. e5 Nd5 23. N2f3 Ne6 24. Nxe6 {
Dorfman,J (2520)-Itkis,B (2295)/Tallinn 1988/EXT 2000/1-0 (31)}) 10. Ba3 Qc7
11. e3 a6 $146 {Controls b5} (11... Bf8 12. Rac1 Ng4 13. Rfd1 f5 14. dxe5 dxe5
15. Bxf8 Nxf8 16. c5 e4 17. Nd4 Ne5 18. Bf1 Qg7 19. Be2 Qh6 20. b4 Nfd7 21.
Qb3+ Kh8 22. Ne6 Nf6 23. Nc7 Nf3+ 24. Bxf3 exf3 25. Qf7 Qh3 {
0-1 Apsenieks,F-Havasi,K/Paris 1924/HCL}) 12. Rfd1 Bf8 {
Black's piece can't move: c8} (12... exd4 13. Nxd4 Nc5 14. Bb2 $11) 13. Rac1
Nb6 (13... exd4 14. Nxd4 h6 15. Bb2 $14) 14. Bxd6 (14. dxe5 dxe5 15. Bxf8 Kxf8
$16) 14... Bxd6 ({Worse is} 14... Qxd6 15. dxe5 Qe6 16. exf6 $16) 15. c5 Bxc5
16. dxc5 Nbd5 17. Ng5 h6 (17... Qe7 18. Nge4 Bf5 19. Nxf6+ Nxf6 20. e4 $14) 18.
Nge4 $16 ({Weaker is} 18. Bxd5 cxd5 19. Nxd5 Nxd5 $17) 18... Nxe4 19. Nxe4 Bf5
20. Qc4 Bxe4 21. Bxe4 (21. Qxe4 $6 Rad8 $11) 21... Ne7 (21... Rad8 22. Bxd5
cxd5 23. Rxd5 Rxd5 24. Qxd5 $16) 22. Rd6 b5 23. Qd3 f5 $4 {
but even a better move would not have saved the game} (23... Qa5 $142 24. Bxc6
Nxc6 25. Rxc6 Red8 $16) 24. Bxc6 $3 $18 {A double attack} e4 (24... Nxc6 {
A deflection} 25. Rxg6+) 25. Qd4 Rac8 (25... Qb8 26. Rd1 h5 $18) 26. Bxe8 Rxe8
27. Qe5 (27. Rd1 $142 {and White can already relax} f4 28. Rd7 Qxd7 29. Qxd7
Kf8 $18) 27... Rc8 28. Qe6+ Kf8 29. Rd7 (29. Rd7 Qxd7 30. Qxd7 $18) (29. Rcd1
Re8 30. Rd7 Qc6 31. R1d6 Qxd7 32. Rxd7 h5 33. Qf6+ Kg8 34. Rxe7 Rxe7 35. Qxe7
f4 36. c6 fxg3 37. c7 gxf2+ 38. Kxf2 b4 39. c8=Q#) 1-0

[Event "The Asheboro Open XX"]
[Site "?"]
[Date "2007.01.13"]
[Round "1"]
[White "Tiselsky, Eugene"]
[Black "Newsom, Gary"]
[Result "1-0"]
[WhiteElo "1740"]
[BlackElo "1952"]
[Annotator "Fritz 9 (30s)"]
[PlyCount "68"]
[SourceDate "2006.11.11"]

{C03: French Tarrasch: Unusual Black 3rd moves} 1. e4 e6 2. d4 d5 3. Nd2 Be7 4.
Bd3 c5 5. c3 Nc6 6. Ne2 Nf6 7. e5 Nd7 8. O-O Qb6 9. Nf3 O-O 10. Bb1 (10. Bc2 f5
11. Nf4 Nd8 12. h4 Qc7 13. g4 g6 14. gxf5 gxf5 15. Kh1 Rf7 16. Rg1+ Kf8 17. Be3
cxd4 18. Bxd4 Nb6 19. Ng5 Bxg5 20. Rxg5 Rg7 21. Qh5 Rxg5 22. Qxg5 Nc6 23. Rg1
Qf7 24. Bxf5 {1-0 Doostkam,P (2232)-Darban,M (2341)/Teheran 2003/EXT 2004})
10... f6 (10... Qc7 11. Qd3 g6 12. Ng5 Kg7 13. Qh3 h5 14. Qg3 Bxg5 15. Bxg5 Qb6
16. Nf4 {1-0 Murariu,A (2389)-Hernandez Leon,A/Las Palmas 2003/EXT 2004}) 11.
Qd3 g6 12. Nh4 $146 (12. exf6 Bxf6 13. Nf4 Ne7 14. Re1 Nb8 15. dxc5 Qxc5 16.
Nxe6 Bxe6 17. Rxe6 Nbc6 18. Be3 Qa5 19. Bh6 Bg7 20. Bxg7 Kxg7 21. Bc2 Qb6 22.
Bb3 Qc5 23. Rae1 Rf7 24. Nd4 Raf8 25. Rxg6+ Kh8 26. Rh6 Nf5 {
Schultz,H (2040)-Rehberg,A/Germany 1994/EXT 2002/1-0 (55)}) 12... Rf7 13. Nxg6
hxg6 14. Qxg6+ Rg7 {Black threatens to win material: Rg7xg6} 15. Qe8+ Nf8 16.
Bh6 fxe5 ({Instead of} 16... Qxb2 17. Nf4 (17. Bxg7 Kxg7 18. Nf4 f5 (18... Qxa1
19. Nh5+ Kh6 20. Qf7 f5 21. Nf6 Bxf6 22. exf6 Qxc3 23. Qxf8+ Kh5 24. Qh8+ Kg6
25. Qg7+ Kh5 26. g4+ Kh4 27. Qg6 Qg3+ 28. fxg3+ Kh3 29. Qh5#) (18... fxe5 $4 {
Black will not be able to digest the pawn} 19. Nh5+ Kh6 20. Qf7 Qxb1 21. Raxb1
$18) (18... Qxc3 19. Nh5+ Kh6 20. Nxf6 $18) (18... cxd4 $4 {
taking the pawn will bring Black grief} 19. Nh5+ Kh6 20. exf6 Qxb1 21. Raxb1
$18) 19. Nh5+ Kg8 20. Bxf5 exf5 $14 (20... Qxc3 {
is impossible because of the following mating combination} 21. Bg6 Qf3 22. gxf3
Nxe5 23. Qxe7 Nxf3+ 24. Kh1 Nxg6 25. Qg7#) (20... cxd4 {
leads to a non-trivial mate} 21. Bg6 Qxf2+ 22. Rxf2 Nd8 23. Qxe7 Nf7 24. Qxf7+
Kh8 25. Qxf8#)) 17... f5 18. Bxf5 exf5 19. Nxd5 $14) 17. Bxg7 Kxg7 18. dxe5
Qxb2 (18... Bd8 19. f4 Bd7 $18) 19. Bd3 $4 {
releasing the pressure on the opponent} (19. Ng3 Bd7 20. Nh5+ (20. Qxa8 $6 {
is a bad alternative} Qxa1 21. Nh5+ Kh8 $11) 20... Kh6 21. Qf7 (21. Qxa8 {
is not possible} Kxh5 (21... Qxa1 $2 {
is tempting but does not stand up to the reality of the position} 22. Nf6 Nxe5
23. Ng8+ Kg7 24. Nxe7 $18) 22. a4 c4 $17) 21... Qxb1 22. Qg7+ Kxh5 23. g4+ Kh4
24. Raxb1 $18) 19... Rb8 (19... c4 $142 20. Nd4 Qa3 $11) 20. Rab1 $4 {
forfeits the advantage} (20. Rad1 $142 $11 {would allow White to play on})
20... Qd2 $19 21. Bb5 Bd7 22. Qh5 Ng6 23. f4 Rh8 (23... Qe3+ 24. Kh1 Rh8 25.
Qg4 $19) 24. Qg4 $2 (24. Qf3 Rf8 (24... Qxa2 $6 25. Bd3 Be8 26. Rxb7 $11) 25.
Rbd1 Qb2 $17) 24... Rh4 (24... Qe3+ $5 25. Kh1 a6 26. Rf3 $19) 25. Qg3 a6 $4 {
letting the wind out of his own sails} (25... c4 $142 26. Qf2 b6 $17) 26. Bd3
$16 Rh6 27. Rfc1 $4 {White is ruining his position} (27. Rxb7 $142 Be8 28. Bxa6
$16) 27... c4 $19 28. Rd1 Qxa2 29. Ra1 Qb2 30. Qe3 $4 {
the pressure is too much, White crumbles} (30. Bxg6 Bc5+ 31. Kh1 Rxg6 32. Qf3
$19) 30... cxd3 31. Qxd3 Qb6+ 32. Kh1 Qf2 33. Rab1 (33. Rf1 {
is not the saving move} Qh4 34. h3 Bc5 $19) 33... Qh4 (33... Nxf4 $142 {
and Black takes home the point} 34. Nxf4 Qxf4 35. h3 $19) 34. h3 b5 {
EDITOR'S NOTE:  I believe black lost this game on time.} (34... Nxf4 {
might be the shorter path} 35. Nxf4 Qxf4 36. Rxb7 $19) 1-0